LEADER 02136nam 2200565 450 001 9910480051303321 005 20180731044622.0 010 $a0-8218-8207-4 035 $a(CKB)3240000000070051 035 $a(EBL)3113373 035 $a(SSID)ssj0000629467 035 $a(PQKBManifestationID)11437690 035 $a(PQKBTitleCode)TC0000629467 035 $a(PQKBWorkID)10731828 035 $a(PQKB)11124531 035 $a(MiAaPQ)EBC3113373 035 $a(PPN)197108571 035 $a(EXLCZ)993240000000070051 100 $a20100601h20102010 uy| 0 101 0 $aeng 135 $aur|n|---||||| 181 $ctxt 182 $cc 183 $acr 200 10$aSymmetry for elliptic PDEs $e(30 years after a conjecture of De Giorgi, and related problems) : May 25-29, 2009, IndAm School, Rome, Italy /$fAlberto Farina, Enrico Valdinoci, editors 210 1$aProvidence, Rhode Island :$cAmerican Mathematical Society,$d[2010] 210 4$dİ2010 215 $a1 online resource (152 p.) 225 1 $aContemporary mathematics ;$vvolume 528 300 $aDescription based upon print version of record. 311 $a0-8218-4804-6 320 $aIncludes bibliographical references (pages 136-137). 327 $a""Some inequalities associated with semilinear elliptic equations with variable coefficients and applications""""A Liouville theorem for non local elliptic equations""; ""On a conjecture by De Giorgi in dimensions 9 and higher"" 410 0$aContemporary mathematics (American Mathematical Society) ;$vv. 528. 606 $aDifferential equations, Elliptic$vCongresses 606 $aSymmetry (Mathematics)$vCongresses 608 $aElectronic books. 615 0$aDifferential equations, Elliptic 615 0$aSymmetry (Mathematics) 676 $a515/.3533 702 $aFarina$b Alberto$f1969- 702 $aValdinoci$b Enrico$f1974- 712 12$aINdAM School on Symmetry for Elliptic PDEs 801 0$bMiAaPQ 801 1$bMiAaPQ 801 2$bMiAaPQ 906 $aBOOK 912 $a9910480051303321 996 $aSymmetry for elliptic PDEs$9766717 997 $aUNINA LEADER 01732nam 2200325la 450 001 9910482474903321 005 20221102161636.0 035 $a(UK-CbPIL)2090360426 035 $a(CKB)5500000000092424 035 $a(EXLCZ)995500000000092424 100 $a20221102d1556 uy | 101 0 $alat 135 $aurcn#|||a|bb| 200 10$aLiber canonis, de medicinis cordialibus, et cantica / jam olim quidem a Gerardo Carmonensi ex arabico sermone in latinum conversa. Postea vero ab Andrea Alpago Bellunensi ... infinitis pene correctionibus ad veterum exemplarium Arabicorum fidem in margine factis, locupletissimoque nominum Arabicorum ab ipso interpretatorum indice decorata. Nunc autem demum a Benedicto Rinio ... lucubrationibus illustrata ... His accesserunt Avicennae libellus de removendis nocumentis, quae accedunt in regimine sanitatis: ejusdem tractatus de syrupo acetoso. Ab eodem Alpago ex Arabico in Latinum sermonem translati .. 210 $aBasel $cJoannes Hervagios$d1556 215 $aOnline resource ([44], 2004 (i. e. 1104) p., [18] l : woodcuts. , (fol.)) 300 $aReproduction of original in The Wellcome Library, London. 700 $aAvicenna$f980-1037.$0189788 701 $aAlpago$b Andrea$factive 16th century.$0774538 701 $aBlaise$b Armengaud$fapproximately 1264-1312?.$0971503 701 $aArnaldus$cde Villanova,$f1311. 701 $aGherardo$cda Cremona,$f1113 or 1114-1187. 701 $aMassa$b Niccolo?$f1489-1569. 701 $aRinio$b Benedetto$fapproximately 1485-1565.$0973619 801 0$bUk-CbPIL 801 1$bUk-CbPIL 906 $aBOOK 912 $a9910482474903321 996 $aLiber canonis, de medicinis cordialibus, et cantica$92215488 997 $aUNINA